SM-Liigan runkosarjan viimeinen joukkue - Statistics

Yleistilastot
  • Tätä visaa on pelattu 134 kertaa
    19 viimeisimmän päivityksen jälkeen
  • Keskiarvotulos 12 / 27
Vastaustilastot
Kausi Pisteet Joukkue % Oikein
2025-26 40 Sport
100%
2024-25 49 Jukurit
82%
2023-24 45 SaiPa
82%
2022-23 48 SaiPa
82%
2021-22 53 Ässät
71%
2018-19 47 Ässät
65%
2019-20 49 Sport
65%
2017-18 58 Sport
65%
2020-21 55 JYP
59%
2016-17 60 SaiPa
53%
2013-14 51 KalPa
47%
2014-15 60 Sport
47%
2015-16 59 Blues
35%
2012-13 57 Ilves
35%
2011-12 56 Ilves
29%
2007-08 40 Ässät
24%
2000-01 30 Ässät
24%
2009-10 58 Ilves
24%
2002-03 29 Ilves
24%
2006-07 51 KalPa
24%
2005-06 32 KalPa
24%
2010-11 59 Pelicans
24%
2004-05 37 Pelicans
24%
2003-04 27 Pelicans
24%
1999-2000 24 Pelicans
24%
2008-09 62 SaiPa
24%
2001-02 31 SaiPa
24%
Ehtoja vastaavia visoja ei löytynyt
Tulosjakauma
Jokaisen tuloksen saaneiden osuus
Persentiili vastausten määrän mukaan
Tuloshistoriasi
Et ole pelannut tätä visaa sen viimeisimmän päivityksen jälkeen